Three Actors, Same Role Quiz Stats

 Plays Quiz Updated Nov 12, 2018

Also try: Five Decade Actors
Challenge
Share
Tweet
Embed
Score 0/26 Timer 08:00
0 Plays Today
Actors Role % Correct
Michael Keaton, Val Kilmer, George ClooneyBatman
84.7%
David Niven, Roger Moore, Pierce BrosnanJames Bond
82.5%
George Burns, Morgan Freeman, Alanis MorissetteGod
64.6%
Errol Flynn, Sean Connery, Russell CroweRobin Hood
55.6%
Bette Davis, Judi Dench, Cate BlanchettQueen Elizabeth I
53.3%
Richard Attenborough, Tim Allen, Ed AsnerSanta Claus
49.1%
Christopher Lee, George Hamilton, Gary OldmanDracula
48.3%
Basil Rathbone, Jeremy Brett, Robert Downey Jr.Sherlock Holmes
45.2%
Laurence Olivier, Mel Gibson, Kenneth BranaghHamlet
44.4%
Norma Shearer, Olivia Hussey, Claire Danes Juliet
39.2%
Alec Baldwin, Harrison Ford, Ben AffleckJack Ryan
36.3%
Peter Sellers, Alan Arkin, Steve MartinInspector Clouseau
35%
Anthony Hopkins, Dan Hedaya, Frank LangellaRichard Nixon
30.3%
Actors Role % Correct
Jeffrey Hunter, Max Von Sydow, Willem DafoeJesus Christ
27.6%
Ingrid Bergman, Milla Jovovich, Leelee SobieskiJoan of Arc
19.4%
Paul Newman, Emilio Estevez, Kris KristoffersonBilly the Kid
19.1%
Kurt Russell, Kevin Costner, Hugh O'BrienWyatt Earp
18.1%
Henry Fonda, Raymond Massey, Hal HolbrookAbraham Lincoln
16.9%
Diane Keaton, Amy Adams, Hilary SwankAmelia Earhart
16.4%
Albert Finney, Michael Caine, George C. ScottEbenezer Scrooge
12.5%
Margaret Rutherford, Helen Hayes, Angela LansburyMiss Marple
12.2%
Lon Chaney, Charles Laughton, Anthony QuinnHunchback of Notre Dame
11.7%
Greer Garson, Jane Alexander, Cynthia NixonEleanor Roosevelt
11.4%
Jason Robards, Rod Steiger, Robert De NiroAl Capone
10.8%
James Whitmore, Ed Flanders, Gary SiniseHarry Truman
7.4%
Humphrey Bogart, Robert Mitchum, Elliot GouldPhilip Marlowe
6.1%

You're not logged in!

Compare scores with friends on all Sporcle quizzes.
OR
Log In

You Might Also Like...

Show Comments

Extras

Top Quizzes Today


Score Distribution

Your Account Isn't Verified!

In order to create a playlist on Sporcle, you need to verify the email address you used during registration. Go to your Sporcle Settings to finish the process.

Report this User

Report this user for behavior that violates our Community Guidelines.

Details: